1715 1986 1362 1193 1884 1186 1630 1061 1931 1068 1029 1350 1980 1407 1273 1134 1724 1324 1163 1850 1457 1083 1957 1750 1245 1287 1138 1309 1569 1254 1664 1830 1507 1474 1672 1718 1360 1215 1946 1203 1783 1466 1127 1039 1491 1539 1682 1542 1521 1860 1340 1322 1378 1016 1502 1515 1711 1205 1756 1535 1539 1402 1441 1411 1961 1155 1849 1000 1015 1551 1237 1803 1047 1786 1253 1050 1394 1014 1396 1798 1696 1657 1431 1772 1674 1964 1389 1859 1774 1239 1966 1820 1743 1194 1259 1495 1945 1500 1808 BCNSPRNW ULIB Ver.6.0+V

เปลี่ยนเป็นภาษาไทย

Change to English
 แสดงรายละเอียดบรรณานุกรม
  กลับหน้าหลัก

Brief Record : Get Marc (ISO 2709) : E-mail record : QR code < ปิดหน้าต่าง
LEADER : 00000nam 2200000uu 4500
001    13399113465
003     ULIB
008    111121s2553||||th 000 0 tha d
020    ^a9786167190464
090    ^aนว.^bร165บ 2553
100 0  ^aรวีปรียา
245 00 ^aบ่วงพิศวาส/^cรวิปรียา
250    ^aพิมพ์ครั้งที่ 1
260    ^aกรุงเทพฯ :^bอินเลิฟ,^c2553
300    ^a218 หน้า
710 1  ^aอินเลิฟ
945    ^p129^l0^i17072
995    ^aกัณชพร
999    ^aใช้งานได้ทุกระบบ
รายการนี้ยังไม่มีแท็ก
คุณยังไม่ได้ล็อกอิน คุณสามารถมีกิจกรรมร่วมกับเว็บไซต์ได้ แต่ต้องล็อกอินก่อน ::
  ล็อกอิน

รายการสื่อสารสนเทศ

ลำดับที่ ประเภท เลขเรียก/บาร์โค้ด สถานที่ สถานะ
1. นวนิยาย
นวนิยาย
นว. ร165บ 2553  
  Barcode: 17072
ห้องสมุดวิทยาเขตสวรรค์ประชารักษ์
►นวนิยาย
บนชั้น
  ขอยืม

BibComment


ยังไม่เคยถูกคอมเมนท์

คอมเมนท์ทรัพยากรรายการนี้
  คอมเมนท์: บ่วงพิศวาส รวิปร..


 Copyright 2026. Bcnsprnw @Library